[Event "BUL-ch sf"]
[Site "Sofia"]
[Date "1992.??.??"]
[Round "6"]
[White "Angelov, Angel"]
[Black "Ivanov, Jordan"]
[Result "0-1"]
[WhiteElo "2290"]
[BlackElo "2380"]

1.d4 Nf6 2.c4 g6 3.Nf3 Bg7 4.g3 O-O 5.Bg2 d6 6.O-O Nbd7 7.Qc2 e5 8.Rd1 Qe7
9.Nc3 c6 10.b3 Re8 11.Ba3 e4 12.Ng5 e3 13.f3 Nf8 14.b4 Bf5 15.Qa4 h6 16.Nge4 Bxe4
17.fxe4 Ng4 18.b5 Qc7 19.bxc6 bxc6 20.e5 dxe5 21.Bxc6 exd4 22.Bxe8 dxc3 23.Bd6 Qc8
24.Bxf8 Qf5 25.Rf1 Nf2 26.Bc6 Rxf8 27.Rab1 Bd4 28.Rb5 Qf6 29.Rb7 c2 30.Bg2 Nh3+
31.Bxh3 Qf2+  0-1

[Event "St Petersburg"]
[Site "St Petersburg"]
[Date "1992.??.??"]
[Round "?"]
[White "Ionov, Sergey"]
[Black "Magerramov, Elmar"]
[Result "0-1"]
[WhiteElo "2500"]
[BlackElo "2560"]

1.d4 Nf6 2.Nf3 g6 3.c4 Bg7 4.g3 d6 5.Bg2 O-O 6.O-O Nbd7 7.Nc3 e5 8.e4 c6
9.h3 Qa5 10.Re1 exd4 11.Nxd4 Ne5 12.Bf1 Re8 13.Be3 Be6 14.Nxe6 Rxe6 15.f4 Nxe4
16.fxe5 Nxg3 17.Bg2 Bxe5 18.Bf2 Rae8 19.Qa4 Qd8 20.Qxa7 Qg5 21.Qe3 Bf4 22.Qf3 Be3
23.Bxe3 Rxe3 24.Qf2 Qc5 25.Rxe3 Rxe3 26.Rd1 h5 27.a4 h4 28.a5 Qe5 29.Bf3 Nf5
30.Ne2 Qxb2 31.Rxd6 Qa1+ 32.Kg2 Qxa5 33.Rd7 Re8 34.Rd3 Qe5 35.c5 Ne3+ 36.Kg1 Qxc5
37.Nc3 Qg5+ 38.Kh1 Nf5 39.Ne2 Ra8 40.Rd1 Ra2 41.Qg1 Qe7 42.Re1 Qe5 43.Qf2 Qa5
44.Kg1 Ng3 45.Kg2 Qd2 46.Bg4 b5 47.Kh2 b4  0-1

[Event "St Petersburg"]
[Site "St Petersburg"]
[Date "1992.??.??"]
[Round "?"]
[White "Butnorius, Algimantas"]
[Black "Kochyev, Alexander"]
[Result "1/2-1/2"]
[WhiteElo "2425"]
[BlackElo "2495"]

1.d4 Nf6 2.c4 g6 3.Nf3 Bg7 4.g3 O-O 5.Bg2 d6 6.O-O Nbd7 7.Nc3 e5 8.e4 a6
9.Qc2 c6 10.Rd1 Qc7 11.h3 Re8  1/2-1/2

[Event "Stare Mesto op"]
[Site "Stare Mesto"]
[Date "1992.??.??"]
[Round "?"]
[White "Sideif Sade, Fikret I"]
[Black "Bagaturov, Giorgi"]
[Result "1/2-1/2"]
[WhiteElo "2440"]
[BlackElo "2435"]

1.d4 Nf6 2.c4 g6 3.g3 Bg7 4.Bg2 O-O 5.Nf3 d6 6.O-O c5 7.Nc3 Nc6 8.dxc5 dxc5
9.Be3 Be6 10.Qa4 Nd4 11.Rad1  1/2-1/2

[Event "Rilton Cup"]
[Site "Stockholm"]
[Date "1992.??.??"]
[Round "1"]
[White "Kinsman, Andrew PH"]
[Black "Kupreichik, Viktor D"]
[Result "1-0"]
[WhiteElo "2340"]
[BlackElo "2555"]

1.d4 Nf6 2.Nf3 g6 3.c4 Bg7 4.g3 O-O 5.Bg2 d6 6.O-O Nc6 7.Nc3 e5 8.d5 Ne7
9.c5 Ne8 10.cxd6 cxd6 11.a4 f5 12.Ng5 Nc7 13.Qb3 h6 14.Ne6 Nxe6 15.dxe6 Kh7
16.Rd1 Rf6 17.a5 a6 18.Qb6 Qxb6 19.axb6 Rxe6 20.Nb5 Rb8 21.Nxd6 e4 22.f3 Nc6
23.Ra4 exf3 24.Bxf3 Ne5 25.Bg2 Bd7 26.Rad4 Bc6 27.Bxc6 Nxc6 28.R4d2 Na5 29.b4 Nc6
30.b5 axb5 31.Nxb5 Na5 32.Rd7 Rxe2 33.Bd2 Nc6 34.Bc3 Ne7 35.Kf1 Re6 36.Nc7 Re4
37.Nd5 Re8 38.Rxb7 Kg8 39.Bxg7 Kxg7 40.Re1  1-0

[Event "SWZ-GP Suhr"]
[Site "Suhr"]
[Date "1992.??.??"]
[Round "5"]
[White "Giertz, Niklaus"]
[Black "Chiong, Luiz"]
[Result "0-1"]
[WhiteElo "2255"]
[BlackElo "2350"]

1.d4 Nf6 2.Nf3 g6 3.c4 Bg7 4.g3 O-O 5.Bg2 d6 6.O-O Nbd7 7.Qc2 e5 8.Rd1 Qe7
9.Nc3 c6 10.b3 exd4 11.Nxd4 Re8 12.Bb2 Nc5 13.b4 Nce4 14.Nxe4 Nxe4 15.Nb3 Nf6
16.Bf3 Bf5 17.Qc3 Rad8 18.Rd2 h5 19.Rad1 Kh7 20.Qd4 Qc7 21.Qxa7 Ra8 22.Qd4 Rxa2
23.Bc3 Rc2 24.Ba1 d5 25.cxd5 cxd5 26.Nc5 Rc4 27.Qb2 Bh8 28.Qb3 Qb6 29.Bxd5 Rxb4
30.Qf3 Qxc5 31.Bxf6 Bxf6 32.e4 Rexe4 33.Bxe4 Rxe4 34.Rd5 Qc8 35.Qb3 Be6 36.Qf3 Bxd5  0-1

[Event "Tampere"]
[Site "Tampere"]
[Date "1992.??.??"]
[Round "2"]
[White "Manninen, Marko"]
[Black "Degerman, Lars"]
[Result "1-0"]
[WhiteElo "2450"]
[BlackElo "2420"]

1.d4 Nf6 2.c4 g6 3.g3 Bg7 4.Bg2 O-O 5.Nf3 d6 6.Nc3 Nbd7 7.O-O e5 8.e4 c6
9.h3 Qb6 10.d5 cxd5 11.cxd5 Nc5 12.Re1 Bd7 13.Re2 Bb5 14.Nxb5 Qxb5 15.Nd2 Rfc8
16.b3 Qd3 17.Bb2 Qa6 18.a4 b5 19.Ba3 bxa4 20.Bxc5 Rxc5 21.Nc4 Bf8 22.Rxa4 Qb7
23.Rea2 Rb5 24.R2a3 Nd7 25.Na5 Qb6 26.Bf1 Rb4 27.Nc6 Rxa4 28.Rxa4 Nc5 29.Rb4 Qc7
30.Qc2 a5 31.Rb5 a4 32.b4 Nb3 33.Qa2 Bh6 34.Bc4 Nd2 35.Ra5 Qb7 36.Bd3 Nf3+
37.Kh1 Kg7 38.Qa3 Bd2 39.Rb5 Qd7 40.Bf1 Nd4 41.Ra5 Rxa5 42.Nxa5 Be1 43.f4 f5
44.Nc4 fxe4 45.b5 Nxb5 46.Qxa4 Qb7 47.Qa1 Bxg3 48.fxe5 Qxd5 49.exd6+ Nd4
50.Qa7+ Kh6 51.Ne3 Qxd6 52.Ng4+ Kg5 53.Qxh7 Nf5 54.Qb7 Bf4 55.Qb2 e3 56.Qb5 Qd1
57.Kg2 Qc2+ 58.Be2 Kh4 59.Qc4 Qd2 60.Ne5 Nd4 61.Nf3+ Nxf3 62.Qxf4+ Kh5 63.Kxf3 g5
64.Qf6 Qc2 65.Kxe3+ Kh4 66.Qf2+  1-0

[Event "Tampere"]
[Site "Tampere"]
[Date "1992.??.??"]
[Round "4"]
[White "Manninen, Marko"]
[Black "Yrjola, Jouni"]
[Result "1/2-1/2"]
[WhiteElo "2450"]
[BlackElo "2485"]

1.d4 Nf6 2.c4 g6 3.g3 Bg7 4.Bg2 O-O 5.Nf3 d6 6.Nc3 c5 7.O-O Nc6 8.dxc5 dxc5
9.Be3 Be6 10.Qa4 Nd4 11.Bxd4 cxd4 12.Nb5 Bd7 13.Qb3 Ne4 14.Rad1  1/2-1/2

[Event "Warsaw op"]
[Site "Warsaw"]
[Date "1992.??.??"]
[Round "6"]
[White "Vaulin, Alexander"]
[Black "Bukhman, Eduard"]
[Result "1-0"]
[WhiteElo "2520"]
[BlackElo "2430"]

1.c4 Nf6 2.g3 g6 3.Bg2 Bg7 4.d4 O-O 5.Nf3 d6 6.O-O Nc6 7.Nc3 e5 8.d5 Ne7
9.e4 Ne8 10.b4 a5 11.Ba3 f5 12.bxa5 h6 13.c5 f4 14.Nd2 dxc5 15.Bxc5 Rxa5
16.Bb4 Ra8 17.Nc4 Rf7 18.a4 Bd7 19.Re1 Nc8 20.Nb5 h5 21.Bc3 Qe7 22.Qd3 fxg3
23.hxg3 c6 24.dxc6 bxc6 25.Nba3 Rxa4 26.Qc2 Ra8 27.Qb2 Ncd6 28.Bf1 Nxc4 29.Nxc4 Rxa1
30.Rxa1 Nd6 31.Bb4 Nxc4 32.Bxc4 c5 33.Bxc5 Qxc5 34.Ra8+ Bf8 35.Qa2 Kg7 36.Bxf7 h4
37.Bxg6  1-0

[Event "Warsaw op"]
[Site "Warsaw"]
[Date "1992.??.??"]
[Round "11"]
[White "Fominyh, Alexander"]
[Black "Kislov, Mikhail"]
[Result "1-0"]
[WhiteElo "2500"]
[BlackElo "2410"]

1.d4 Nf6 2.Nf3 g6 3.c4 Bg7 4.g3 d6 5.Bg2 O-O 6.O-O Nbd7 7.Qc2 e5 8.Rd1 Re8
9.e4 a5 10.Nc3 c6 11.b3 Qe7 12.Be3 Ng4 13.Bg5 f6 14.Bc1 exd4 15.Nxd4 Nc5
16.h3 Nh6 17.Bf4 Nf7 18.Kh2 h5 19.Re1 h4 20.gxh4 g5 21.Bg3 gxh4 22.Bxh4 Qe5+
23.Bg3 Qh5 24.Nce2 Qh7 25.f3 f5 26.exf5 Be5 27.Rad1 Nh6 28.f6 Nf5 29.Bxe5 dxe5
30.Ng3 Nh6 31.Qxh7+ Kxh7 32.f4 Bg4 33.hxg4 Nxg4+ 34.Kg1 exd4 35.Rxe8 Rxe8
36.f7 Rf8 37.Rxd4 Rxf7 38.Bh3 Nf6 39.Kf2 Rf8 40.Bf5+ Kg7 41.Rd1 Rh8 42.Kf3 Rh2
43.Ne2 Kf7 44.Rg1 Rh8 45.Bg6+ Ke7 46.Re1 Nfd7 47.Ng3+ Kf6 48.Be8 Nd3 49.Re2 N7e5+
50.fxe5+ Nxe5+ 51.Kf4  1-0

[Event "Wisla BES op"]
[Site "Wisla"]
[Date "1992.??.??"]
[Round "3"]
[White "Matlak, Marek"]
[Black "Kiedrowicz, Jan"]
[Result "1-0"]
[WhiteElo "2440"]
[BlackElo "2300"]

1.d4 Nf6 2.Nf3 g6 3.c4 Bg7 4.g3 O-O 5.Bg2 d6 6.O-O c5 7.Nc3 Na6 8.h3 Rb8
9.e4 cxd4 10.Nxd4 Nc5 11.Be3 a6 12.Qe2 Ne6 13.Rfd1 Nxd4 14.Bxd4 Nd7 15.Bxg7 Kxg7
16.Rac1 Re8 17.Nd5 b6 18.f4 f6 19.h4 Bb7 20.Bh3 Kf7 21.Kh2 e6 22.Nc3 Qc7
23.Qd3 Ke7 24.b4 Rbd8 25.Rc2 Nf8 26.Rcd2 Rd7 27.f5 Rdd8 28.fxe6 Nxe6 29.Nd5+ Bxd5
30.cxd5 Ng7 31.Rc2 Qb8 32.Rdc1 Kf7 33.Qxa6 Re7 34.a4 f5 35.exf5 gxf5 36.Qd3 Re5
37.Rf1 Kg6 38.Bxf5+ Nxf5 39.Rxf5 Rxf5 40.g4  1-0

[Event "Wisla BES op"]
[Site "Wisla"]
[Date "1992.??.??"]
[Round "5"]
[White "Matlak, Marek"]
[Black "Tseshkovsky, Vitaly"]
[Result "1/2-1/2"]
[WhiteElo "2440"]
[BlackElo "2490"]

1.d4 Nf6 2.Nf3 g6 3.c4 Bg7 4.g3 O-O 5.Bg2 d6 6.O-O c6 7.b3 Qa5 8.Bb2 Qh5
9.Nbd2 Bg4 10.Qc2 Na6 11.a3 Rac8 12.b4 Nc7 13.Rfe1 d5 14.Ne5 Bf5 15.Qb3 dxc4
16.Ndxc4 Ng4 17.Nf3 Be6 18.Qc2 Qb5 19.Rac1 Rcd8 20.h3 Qxc4 21.Qxc4 Bxc4 22.Rxc4 Nf6
23.Nd2  1/2-1/2

[Event "Wisla BES op"]
[Site "Wisla"]
[Date "1992.??.??"]
[Round "8"]
[White "Jaworski, Miroslaw"]
[Black "Bos Swiecik, Iwona"]
[Result "1-0"]
[WhiteElo "2320"]
[BlackElo "2225"]

1.d4 Nf6 2.Nf3 g6 3.c4 Bg7 4.g3 O-O 5.Bg2 d6 6.O-O Nbd7 7.Nc3 e5 8.e4 Re8
9.h3 exd4 10.Nxd4 Nc5 11.Re1 a5 12.b3 Nfd7 13.Be3 Ne5 14.Re2 Ne6 15.f4 Nxd4
16.Bxd4 c5 17.Bf2 Nc6 18.Rc1 Nd4 19.Rd2 f5 20.exf5 Bxf5 21.Nb5 Nxb5 22.cxb5 Qe7
23.Qf3 Red8 24.Qxb7 Qxb7 25.Bxb7 Rab8 26.Bd5+ Kf8 27.g4 Bd7 28.a4 h5 29.Bc4 hxg4
30.Rxd6 Bd4 31.Bxd4 cxd4 32.Rxg6 gxh3 33.Re1  1-0

[Event "Wisla BES op"]
[Site "Wisla"]
[Date "1992.??.??"]
[Round "8"]
[White "Matlak, Marek"]
[Black "Anka, Emil"]
[Result "1-0"]
[WhiteElo "2440"]
[BlackElo "2330"]

1.d4 Nf6 2.Nf3 g6 3.c4 Bg7 4.g3 O-O 5.Bg2 d6 6.O-O Nbd7 7.Qc2 e5 8.Rd1 Re8
9.Nc3 c6 10.e4 Qe7 11.b3 exd4 12.Nxd4 Nc5 13.f3 a5 14.Be3 d5 15.cxd5 cxd5
16.Bg5 Ne6 17.Nxd5 Nxd5 18.Bxe7 Nxd4 19.Qf2 Nc3 20.Bc5 Nde2+ 21.Kh1 Nxd1
22.Rxd1 Nc3 23.Rc1 a4 24.bxa4 Be6 25.a3 Rxa4 26.Bf1 Bc4 27.Bb4 Bxf1 28.Bxc3 Bxc3
29.Rxc3 Bb5 30.Qc2 Raa8 31.Qb3 Bc6 32.g4 Ra5 33.Kg2 h5 34.h3 h4 35.Rd3 Rea8
36.Qb6 Rxa3 37.Rxa3 Rxa3 38.Qd8+ Kg7 39.Qxh4 Ra8 40.Qe7 Re8 41.Qc5 f6 42.h4 Kf7
43.Kg3 Re5 44.Qc4+ Kg7 45.g5 fxg5 46.Qd4 Kf6 47.f4  1-0

[Event "Zalaegerszeg op"]
[Site "Zalaegerszeg"]
[Date "1992.??.??"]
[Round "?"]
[White "Horvath, Csaba"]
[Black "Mowsziszian, Karen"]
[Result "1/2-1/2"]
[WhiteElo "2515"]
[BlackElo "2435"]

1.d4 Nf6 2.c4 d6 3.Nf3 g6 4.g3 Bg7 5.Bg2 O-O 6.Nc3 Nbd7 7.O-O e5 8.e4 c6
9.b3 Re8 10.h3 exd4 11.Nxd4 Nc5 12.Re1 a5 13.Bf4 a4 14.b4 Ne6 15.Nxe6 Bxe6
16.Bxd6 Bxc4 17.e5 Nd7 18.Re4 Be6 19.b5 Qa5 20.Bb4 Qa7 21.bxc6 bxc6 22.Bd6 Qa5
23.Rc1 Nxe5 24.Rxa4 Qd8 25.Bxe5 Qxd1+ 26.Rxd1 Bxe5 27.Bxc6 Rxa4 28.Nxa4 Rc8
29.Bg2 Bxa2 30.Bd5 Rc2 31.Bxa2 Rxa2 32.Nb6  1/2-1/2

[Event "Zalaegerszeg op"]
[Site "Zalaegerszeg"]
[Date "1992.??.??"]
[Round "?"]
[White "Jeric, Simon"]
[Black "Stanke, Juergen"]
[Result "1-0"]
[WhiteElo "2305"]
[BlackElo "2240"]

1.Nf3 Nf6 2.c4 d6 3.d4 g6 4.g3 Bg7 5.Bg2 O-O 6.Nc3 Nbd7 7.O-O e5 8.dxe5 dxe5
9.b3 Re8 10.Ba3 e4 11.Nd4 e3 12.f3 Nh5 13.Bb2 c6 14.Nc2 Qe7 15.Qc1 f5 16.f4 g5
17.Nd1 gxf4 18.gxf4 Bxb2 19.Qxb2 Nf8 20.Rf3 Qg7 21.Qxg7+ Kxg7 22.Ndxe3 Ng6
23.Nd4 Kf6 24.Raf1 Ngxf4 25.Nexf5 Bxf5 26.Nxf5 Kxf5 27.e3 Re4 28.Rh3 Kg4
29.exf4 Rxf4 30.Rxf4+ Nxf4 31.Rxh7 Nxg2 32.Kxg2 Rd8 33.h3+ Kf4 34.Rf7+ Kg5
35.Rxb7 Rd2+ 36.Kf3 Rxa2 37.Ke4 Kf6 38.Kd4 Ke6 39.Kc5 Ra6 40.h4 Ra5+ 41.Kxc6  1-0

[Event "Zalakaros op"]
[Site "Zalakaros"]
[Date "1992.??.??"]
[Round "2"]
[White "Vaulin, Alexander"]
[Black "Sjoberg, Mats"]
[Result "1-0"]
[WhiteElo "2520"]
[BlackElo "2380"]

1.c4 g6 2.d4 Bg7 3.Nf3 d6 4.g3 Nf6 5.Bg2 O-O 6.O-O c6 7.Nc3 Bf5 8.Ne1 Be6
9.d5 cxd5 10.cxd5 Bd7 11.Qb3 Qb6 12.h3 Na6 13.Nd3 Qxb3 14.axb3 Nc7 15.Be3 a6
16.Rfc1 Rac8 17.Kf1 Nb5 18.Na4 Rxc1+ 19.Rxc1 Rc8 20.Rc4 Kf8 21.Nb6 Rc7 22.g4 h6
23.f4 Ke8 24.Bd2 h5 25.g5 Nh7 26.Ba5 Rxc4 27.bxc4 Na7 28.Nxd7 Kxd7 29.e3 Nf8
30.h4 Nc8 31.c5 e6 32.c6+ bxc6 33.dxc6+ Ke8 34.b4 Bc3 35.c7 d5 36.e4 Nd6
37.exd5 Kd7 38.Nc5+ Kc8 39.Nxa6 Nc4 40.Nc5 Nxa5 41.bxa5 Bb4 42.d6  1-0

[Event "Zalakaros op"]
[Site "Zalakaros"]
[Date "1992.??.??"]
[Round "4"]
[White "Vaulin, Alexander"]
[Black "Monin, Nikolay"]
[Result "1-0"]
[WhiteElo "2520"]
[BlackElo "2405"]

1.d4 Nf6 2.Nf3 g6 3.c4 Bg7 4.g3 O-O 5.Bg2 d6 6.O-O a6 7.Nc3 Nc6 8.d5 Na5
9.b3 c5 10.dxc6 Ne4 11.c7 Qxc7 12.Nd5 Qd8 13.Be3 Nc3 14.Nxc3 Bxc3 15.Bh6 Bxa1
16.Qxa1 f6 17.Bxf8 Qxf8 18.Nd4 Bd7 19.Qc3 Nc6 20.c5 Rc8 21.cxd6 exd6 22.Rd1 Qe7
23.e3 Kg7 24.Qd2 Nd8 25.h3 Be8 26.Qb4 Rc7 27.Qb6 Bf7 28.Rd2 Be8 29.Kh2 Bf7
30.Bf3 Be8 31.Bxb7 Rxb7 32.Qxd8 Qxd8 33.Ne6+ Kg8 34.Nxd8 Rd7 35.Ne6 Kf7 36.Nd4 Rc7
37.Rc2 Rxc2 38.Nxc2 Ke6 39.Kg2 g5 40.Kf3 Bh5+ 41.g4 Be8 42.Kg3 h5 43.h4 gxh4+
44.Kxh4 hxg4 45.Kxg4 Ke5 46.f3 Bd7+ 47.Kg3 Be8 48.Kf2 Bb5 49.Ke1 Bc6 50.Ke2 Bb5+
51.Kd2 Bc6 52.Nd4 Be8 53.Kd3 Bg6+ 54.Kc4 Be8 55.a4 f5 56.a5 Bf7+ 57.Kc3 Bd5
58.f4+ Ke4 59.Kd2 Bf7 60.b4 Bc4 61.Ne2 Kf3 62.Nd4+ Ke4 63.b5 axb5 64.a6 b4
65.a7 Bd5 66.Nb5 Kf3 67.Nxd6 Kg4 68.Ne8 Kf3 69.Nc7 Be4 70.a8=Q Bxa8 71.Nxa8 b3
72.Nc7 b2 73.Kc2 Kxe3 74.Ne6  1-0

[Event "Zalakaros op"]
[Site "Zalakaros"]
[Date "1992.??.??"]
[Round "8"]
[White "Vaulin, Alexander"]
[Black "Purtov, Andrei"]
[Result "1/2-1/2"]
[WhiteElo "2520"]
[BlackElo "2435"]

1.d4 Nf6 2.c4 g6 3.Nf3 Bg7 4.g3 O-O 5.Bg2 d6 6.O-O Nc6 7.d5 Na5 8.Nfd2 c5
9.Nc3 a6 10.Qc2 Rb8 11.b3 e5 12.dxe6 Bxe6 13.Bb2 Nc6 14.Rad1 Nd4 15.Qc1 Bg4
16.f3 Bd7 17.e3 Nf5 18.Nde4 Bc6 19.Rfe1 Qe7 20.Nxf6+ Bxf6 21.Qa1 Bg7 22.Nd5 Bxd5
23.Bxg7  1/2-1/2

[Event "DEN-chJ"]
[Site "Aarhus"]
[Date "1993.??.??"]
[Round "9"]
[White "Trabolt, Lars"]
[Black "Carlsson, Daniel"]
[Result "0-1"]
[WhiteElo "2040"]
[BlackElo "2080"]

1.d4 Nf6 2.c4 g6 3.g3 Bg7 4.Bg2 O-O 5.Nf3 d6 6.O-O c6 7.Qc2 Bf5 8.Qb3 Qc8
9.Nc3 a5 10.Re1 Be6 11.Ng5 a4 12.Nxa4 Bxc4 13.Qxc4 b5 14.Qc2 Rxa4 15.b3 Rxd4
16.Bb2 Rg4 17.Bh3 h6 18.Bxg4 Qxg4 19.Nf3 e5 20.Kg2 Nd5 21.Ng1 e4 22.Bxg7 Kxg7
23.Rac1 f5 24.h3 Qg5 25.Red1 f4 26.Qxe4 fxg3 27.Nf3 Nf4+ 28.Kg1 Nxh3+ 29.Kg2 Nf4+
30.Kg1 Qg4 31.Qd4+ Kg8 32.Kf1 g2+ 33.Ke1 Re8 34.Qxd6 g1=Q+ 35.Nxg1 Rxe2+  0-1

[Event "Altensteig-B"]
[Site "Altensteig"]
[Date "1993.??.??"]
[Round "7"]
[White "Froehlich, Peter"]
[Black "Kloepfer, Markus"]
[Result "1/2-1/2"]
[WhiteElo "2390"]
[BlackElo "2195"]

1.d4 Nf6 2.c4 g6 3.Nf3 Bg7 4.g3 O-O 5.Bg2 d6 6.O-O Nbd7 7.Nc3 e5 8.e4 h6
9.h3 Nh7 10.Be3 Ng5 11.Nxg5 hxg5 12.b3 a6 13.Ne2 exd4 14.Bxd4 Ne5 15.Rc1 g4
16.hxg4 Bxg4 17.f3 Bd7 18.c5 Bb5 19.Rc2 dxc5 20.Bxc5 Qxd1 21.Rxd1 Rfd8 22.Rcd2 Rxd2
23.Rxd2 Bxe2 24.Rxe2 Rd8 25.f4 Rd1+ 26.Kh2 Nd3 27.Be3 Bf8 28.e5 b6 29.Rd2 Rxd2
30.Bxd2 Bb4 31.Be3 Bc5 32.Bxc5 Nxc5 33.Bd5 Kf8 34.Kg2 Ke7 35.Kf3 a5 36.Ke3 Na6
37.a3 Nb8 38.Kd4 Nd7 39.Bc6 Nc5 40.Kc4 Ne6 41.b4 axb4 42.axb4 f6 43.Kd5 Nd8
44.Bb5 fxe5 45.fxe5 Kf7 46.Bd3 Kg7 47.b5 Kf7 48.Bc4 Kg7 49.Ke4 c6 50.bxc6 Nxc6
51.Kd5 Ne7+ 52.Kd6 Nf5+ 53.Kc6 Nxg3 54.Bd3 Nh5 55.Kxb6 Nf4 56.Be4 Kf7 57.Kc5 Ke6  1/2-1/2

[Event "Alushta op"]
[Site "Alushta"]
[Date "1993.??.??"]
[Round "?"]
[White "Fominyh, Alexander"]
[Black "Starosek, Konstantin"]
[Result "1/2-1/2"]
[WhiteElo "2505"]
[BlackElo "2450"]

1.d4 Nf6 2.Nf3 g6 3.c4 Bg7 4.g3 O-O 5.Bg2 d6 6.O-O Nbd7 7.Qc2 e5 8.Rd1 Qe7
9.Nc3 c6 10.e4 exd4 11.Nxd4 Nc5 12.Bf4 Rd8 13.h3 a5 14.b3 Nfd7 15.Nde2 Ne5
16.Be3 a4 17.Rab1 axb3 18.axb3 f5 19.Bxc5 dxc5 20.f4 Nf7 21.e5 Be6 22.Rxd8+ Nxd8
23.Nd1 Bf7 24.Nf2 Ne6 25.Rd1 h5 26.h4 Rd8 27.Nh3 Rxd1+ 28.Qxd1 Qd8 29.Qxd8+ Nxd8
30.Ng5 Bh6 31.Kf2 Bxg5 32.hxg5 Ne6 33.Ke3 Nc7 34.Kd2 Kf8 35.Kc3 Na6 36.Nc1 Ke7
37.Nd3 Kd7 38.Kb2 Be6 39.Kc3 Kc7 40.b4 cxb4+ 41.Nxb4 Nxb4 42.Kxb4 b6 43.Bf3 Kd7
44.Be2 Kc7 45.Bd1 Kd8 46.Bc2 Kc7 47.Ba4 Kb7 48.Kc3 Kc7 49.Bb3 Kd7 50.Bc2 Kc7
51.Ba4 Kb7 52.Bb3 Kc8 53.Bd1  1/2-1/2

[Event "Antwerp op"]
[Site "Antwerp"]
[Date "1993.??.??"]
[Round "6"]
[White "Huzman, Alexander"]
[Black "Nijboer, Friso"]
[Result "1/2-1/2"]
[WhiteElo "2520"]
[BlackElo "2555"]

1.d4 Nf6 2.Nf3 g6 3.c4 Bg7 4.g3 O-O 5.Bg2 d6 6.O-O Nc6 7.d5 Na5 8.Nfd2 c5
9.Nc3 a6 10.Qc2 Rb8 11.b3 b5 12.Bb2 Ng4 13.Nd1 e5 14.h3 Nh6 15.Rb1 Bd7 16.e3 Qe7
17.Bc3 b4 18.Bb2 f5 19.f4 e4 20.Bxg7 Qxg7 21.Qb2 Qe7 22.Nf2 Nb7 23.Rbe1 Ra8
24.g4 Qg7 25.Qxg7+ Kxg7 26.g5 Nf7 27.a4 bxa3  1/2-1/2

[Event "Arandjelovac"]
[Site "Arandjelovac"]
[Date "1993.??.??"]
[Round "7"]
[White "Makarov, Marat"]
[Black "Ivanov, Jordan"]
[Result "1/2-1/2"]
[WhiteElo "2515"]
[BlackElo "2420"]

1.Nf3 Nf6 2.c4 g6 3.d4 Bg7 4.g3 O-O 5.Bg2 d6 6.O-O c5 7.d5 Na6 8.Nc3 Nc7
9.Re1 a6 10.a4 b6 11.e4 Bg4 12.h3 Bxf3 13.Qxf3 Nd7 14.Bf1 e6 15.Bd2 Rb8 16.Rad1 exd5
17.exd5 Ne5 18.Qg2 b5 19.axb5 axb5 20.cxb5 c4 21.Re3 Nxb5 22.Nxb5 Rxb5 23.Bc3 Qb6
24.Kh2 Rc8  1/2-1/2

[Event "Arandjelovac"]
[Site "Arandjelovac"]
[Date "1993.??.??"]
[Round "12"]
[White "Makarov, Marat"]
[Black "Jovanovic, Sasa D"]
[Result "1-0"]
[WhiteElo "2515"]
[BlackElo "2290"]

1.Nf3 Nf6 2.c4 g6 3.d4 Bg7 4.g3 O-O 5.Bg2 d6 6.O-O Nc6 7.Nc3 Bf5 8.d5 Na5
9.Nd4 Bd7 10.b3 c5 11.Nc2 a6 12.Qd3 Rb8 13.Bd2 b5 14.Rab1 Qc7 15.e4 bxc4
16.bxc4 Rxb1 17.Rxb1 Rb8 18.h3 Rxb1+ 19.Nxb1 Qb6 20.Ne3 e5 21.dxe6 fxe6 22.Nc3 Ne8
23.Ng4 Nc6 24.Bf4 h5 25.Nh6+ Bxh6 26.Bxh6 Ne5 27.Qc2 Qb4 28.Bf4 Qxc4 29.Bxe5 dxe5
30.Bf1 Qd4 31.Bxa6 Nd6 32.Bf1 Kg7 33.a4 Bc6 34.a5 c4 35.a6 Nb5 36.Nxb5 Bxb5
37.Qa2 c3 38.Bxb5 Qd1+ 39.Kg2 Qd2 40.Qxd2  1-0

[Event "Athens op"]
[Site "Athens"]
[Date "1993.??.??"]
[Round "6"]
[White "Nikolaidis, Ioannis"]
[Black "Grivas, Efstratios"]
[Result "1/2-1/2"]
[WhiteElo "2440"]
[BlackElo "2505"]

1.d4 Nf6 2.c4 g6 3.Nf3 Bg7 4.g3 O-O 5.Bg2 d6 6.O-O Nbd7 7.Nc3 e5 8.e4 c6
9.h3 Qb6 10.c5 dxc5 11.dxe5 Ne8 12.e6 fxe6 13.Ng5 Ne5 14.f4 Nf7 15.Nxf7 Bd4+
16.Kh2 Rxf7 17.e5 Nc7 18.h4 Nd5 19.Ne4 Qd8 20.h5 Rf5 21.Bf3 b6 22.Nd6 a5  1/2-1/2

[Event "AUT-chT"]
[Site "?"]
[Date "1993.??.??"]
[Round "?"]
[White "Beck, Hartmuth"]
[Black "Hanel, Reinhard"]
[Result "1/2-1/2"]
[WhiteElo "2305"]
[BlackElo "2350"]

1.d4 g6 2.c4 Bg7 3.Nf3 d6 4.g3 Nf6 5.Bg2 O-O 6.O-O c6 7.Nc3 Nbd7 8.h3 e5
9.e4 Re8 10.Re1 a5 11.b3 exd4 12.Nxd4 Nc5 13.Bb2 Qb6 14.Qc2 a4 15.Rad1 axb3
16.axb3 Nfd7 17.Kh2 Ne5 18.Re3 h6 19.f4 Ned7 20.Ree1 Qb4  1/2-1/2

[Event "AUT-chT"]
[Site "?"]
[Date "1993.??.??"]
[Round "?"]
[White "Baumgartner, Heinz"]
[Black "Schlosser, Michael"]
[Result "1/2-1/2"]
[WhiteElo "2335"]
[BlackElo "2385"]

1.Nf3 g6 2.c4 Bg7 3.d4 Nf6 4.g3 O-O 5.Bg2 d6 6.O-O Nbd7 7.d5 Nb6 8.Nfd2 e5
9.e4 c5 10.Nc3 Ng4 11.Qe2 f5 12.f3 Nh6 13.a3 a5 14.b3 Nf7 15.Nd1 h5 16.Nf2 h4
17.g4 fxg4 18.fxg4 Bh6 19.Nf3 Bxc1 20.Rfxc1 Kg7 21.h3 Ng5 22.Rc3 Nxf3+ 23.Bxf3 Qg5
24.Bg2 Bd7 25.Nd3 Rf7 26.Rcc1 Rc8 27.Rab1 Be8  1/2-1/2

[Event "AUT-chT2S 9293"]
[Site "AUT"]
[Date "1993.??.??"]
[Round "?"]
[White "Kiss, Attila"]
[Black "Wittmann, Walter"]
[Result "1/2-1/2"]
[WhiteElo "2365"]
[BlackElo "2400"]

1.d4 Nf6 2.c4 g6 3.Nf3 Bg7 4.g3 O-O 5.Bg2 d6 6.O-O Nbd7 7.Nc3 e5 8.h3 c6
9.e4 Qb6 10.d5 cxd5 11.cxd5 Nc5 12.Re1 Bd7 13.Bf1 Rfc8 14.Nd2 Qd8 15.a4 a5
16.Nc4 Ne8 17.Be3 b6 18.Rb1 f5 19.b4 axb4 20.Rxb4 Rcb8 21.Qc2 f4 22.Bxc5 bxc5
23.Rxb8 Rxb8 24.Rb1 fxg3 25.fxg3 Rb4 26.Nb5 Qb8 27.Kg2 Rxb1 28.Qxb1 Bf6 29.Bd3 Be7
30.Qb3 Kf8 31.Nd2 Bd8 32.h4 h6 33.Be2 Kg7 34.Qd1 Nf6 35.Qb3 Ne8 36.Kh2 Ba5
37.Nc4 Bb4 38.Nc3 Qd8 39.Nb5 Qb8 40.Nc3 Qd8 41.Na2 Qf6 42.Kg2 Be1 43.Bf3 g5
44.Nb6 Bg4 45.hxg5 hxg5 46.Qe3 Bxf3+ 47.Qxf3 Qd8 48.Nc4 Qd7 49.Qb3 Qg4 50.Qf3 Qd7
51.Qb3 Qg4 52.Qf3 Qd7  1/2-1/2

[Event "AUT-chT2S 9293"]
[Site "AUT"]
[Date "1993.??.??"]
[Round "?"]
[White "Kiss, Attila"]
[Black "Mencinger, Vojko"]
[Result "1-0"]
[WhiteElo "2365"]
[BlackElo "2360"]

1.d4 Nf6 2.c4 g6 3.Nf3 Bg7 4.g3 O-O 5.Bg2 d6 6.O-O Nbd7 7.Nc3 e5 8.h3 c6
9.e4 h6 10.Be3 exd4 11.Nxd4 Re8 12.Qc2 Nc5 13.Rad1 Qe7 14.Rfe1 Bd7 15.Bf4 Rad8
16.b4 Na6 17.b5 Nc5 18.Nb3 Bc8 19.bxc6 bxc6 20.Na5 Qc7 21.Nxc6 Qxc6 22.e5 Nfe4
23.Nxe4 dxe5 24.Nd6 Qxd6 25.Rxd6 Rxd6 26.Be3 Nd3 27.Rb1 Bf5 28.g4 Be6 29.c5 Rdd8
30.c6 Nf4 31.c7 Rc8 32.Bxf4 exf4 33.Bb7 Be5 34.Bxc8 Rxc8 35.Rb7 Kg7 36.Rxa7 h5
37.Qe4 f6 38.Qc6 Kf7 39.Ra6 Rxc7 40.Qxe6+ Kg7 41.Rc6  1-0

[Event "Avoine Ronde op"]
[Site "Avoine"]
[Date "1993.??.??"]
[Round "?"]
[White "Eingorn, Vereslav S"]
[Black "Heurtebize, Olivier"]
[Result "1-0"]
[WhiteElo "2580"]
[BlackElo "2050"]

1.d4 Nf6 2.Nf3 g6 3.c4 Bg7 4.g3 O-O 5.Bg2 d6 6.O-O c6 7.Nc3 Nbd7 8.Qc2 e5
9.Rd1 Qc7 10.b3 Re8 11.e4 exd4 12.Nxd4 Nc5 13.Bf4 Ng4 14.h3 Ne5 15.Be3 f6
16.f4 Nf7 17.Bf2 Bd7 18.b4 Na6 19.a3 Rad8 20.Rac1 Qc8 21.Kh2 g5 22.f5 c5
23.Ndb5 Qb8 24.Qb3 Bf8 25.Bf3 Bc6 26.Re1 Ne5 27.Be2 Kg7 28.Rcd1 Rd7 29.Be3 Be7
30.Bh5 Rh8 31.Bc1 b6 32.Nd5 Bxd5 33.exd5 Qc8 34.Bb2 cxb4 35.Bxe5 fxe5 36.axb4 Bf6
37.Ra1 Qb7  1-0

[Event "Azov"]
[Site "Azov"]
[Date "1993.??.??"]
[Round "?"]
[White "Verdihanov, Vladislav"]
[Black "Petrushin, Alexander I"]
[Result "1/2-1/2"]
[WhiteElo "2365"]
[BlackElo "2410"]

1.d4 Nf6 2.Nf3 g6 3.c4 Bg7 4.g3 O-O 5.Bg2 d6 6.O-O Nbd7 7.Nc3 e5 8.h3 exd4
9.Nxd4 Re8 10.e4 Nc5 11.Re1 c6 12.Rb1 a5 13.b3 Bd7 14.Bf4 Qb6 15.Nc2 Ng4
16.hxg4 Bxc3 17.Bxd6 Bxe1 18.Qxe1 Bxg4 19.Qe3 Nd7 20.c5 Qd8 21.Qf4 Be6 22.Nd4 Qf6
23.Qxf6 Nxf6 24.Nxe6 fxe6 25.f3 Kf7 26.Kf2 Red8 27.Ke3 Rd7 28.f4 h5 29.a3 Ne8
30.e5 Ng7 31.Be4 Nf5+ 32.Kf3 Rg8 33.b4 axb4 34.axb4 Ra8 35.Kg2 Ra3 36.Bxf5 exf5
37.b5 cxb5 38.Rxb5 Ke6 39.Rb6 Ra6 40.Rb3 Rg7 41.Kh3 Kd5 42.Bf8 Rf7 43.Bd6 Rg7
44.Bf8 Rf7 45.Bd6  1/2-1/2

[Event "Bad Ragaz op"]
[Site "?"]
[Date "1993.??.??"]
[Round "9"]
[White "Jurek, Josef"]
[Black "Ramseier, Jana S"]
[Result "1-0"]
[WhiteElo "2305"]
[BlackElo "2130"]

1.Nf3 d6 2.d4 g6 3.g3 Bg7 4.Bg2 Nf6 5.c4 O-O 6.Nc3 Nbd7 7.O-O e5 8.e4 c6
9.h3 Qc7 10.Be3 Ne8 11.Qd2 f6 12.Rfd1 Rf7 13.Rac1 Nf8 14.b4 Bd7 15.c5 dxc5
16.bxc5 Qc8 17.Kh2 exd4 18.Nxd4 Ne6 19.Nb3 Bf8 20.Na4 N6g7 21.Qb2 h5 22.Nd4 Ne6
23.Nf3 g5 24.h4 Rg7 25.e5 gxh4 26.Nxh4 fxe5 27.Qxe5 Be7 28.Bh3 Bf6 29.Qxh5 Rh7
30.Qg4+ N8g7 31.Qc4 Qc7 32.Ng6 Rxh3+ 33.Kxh3 Kh7 34.Kg2 Kxg6 35.Qd3+  1-0